Tintin ou Spirou - Statistiques

Statistiques générales
  • Ce quiz a été pris 211 fois
  • Le résultat moyen est 26 sur 30
Statistiques - réponses
Hint Réponse % Correct
Capitaine Haddock Tintin
97%
Milou Tintin
97%
Dupond Tintin
97%
Professeur Tournesol Tintin
94%
Rastapopoulos Tintin
94%
Fantasio Spirou
93%
Spip Spirou
93%
Abdallah Tintin
93%
Tchang Tintin
93%
Le Snoufflelaire Spirou
92%
Bianca Castafiore Tintin
92%
Zorglub Spirou
91%
Général Tapioca Tintin
90%
Seccotine Spirou
89%
Zantafio Spirou
88%
Zénobe Spirou
88%
Luna Cortizone Spirou
87%
Cyanure Spirou
86%
La Murène Spirou
84%
Jean-Baptiste Entresol Spirou
81%
Séraphin Lampion Tintin
81%
Gustave Labarbe Spirou
80%
Le comte de Champignac Spirou
79%
Hortense Pinçon Spirou
78%
Mitsuhirato Tintin
78%
Célestin Dupilon Spirou
76%
Allan Thompson Tintin
74%
Piotr Szut Tintin
74%
Laszlo Carreidas Tintin
74%
Zorrino Tintin
63%
Aucun quiz correspondant
Distribution des résultats
% des personnes avec chaque résultat
Percentile par nombre de réponses
Votre historique - résultats
Vous n’avez pas pris ce quiz